000 01358cam a2200361 a 4500
001 2296
005 20231115115524.0
020 _a9780670011148
020 _a9780545475402
020 _a0670011142
040 _aDLC
_cDLC
_dIG#
_dBTCTA
_dUKM
_dJQJ
_dIK2
_dORX
_dYDXCP
_dOCLCA
_dXY4
_dVP@
_dEHH
_dUBY
_dCDX
_dGYG
_dDLC
_beng
050 0 0 _aDS752.6.K83
_bK78 2010
082 0 0 _a950/.2092
_aB
_222
082 0 0 _a923.1
_222
100 1 _aKrull, Kathleen
245 1 0 _aKubla Khan :
_bthe emperor of everything /
_cby Kathleen Krull ; illustrated by Robert Byrd.
246 3 0 _aEmperor of everything
260 _aNew York :
_bScholastic,
_c2010
300 _a37 unnumbered pages :
_bIllustrations
_c28 cm
505 _aZ
520 _aAn introduction to the thirteenth-century Chinese emperor which offers a more complete picture of the man than books which treat him as just a supporting player in Marco Polo's adventures.
521 0 _a1080
_bLexile
521 1 _aZ
_bRaz-Plus
650 0 _aMongols
_vBiography
_vJuvenile literature.
650 0 _aMongols
_xHistory
_vJuvenile literature.
650 1 _aKings, queens, rulers, etc.
650 1 _aMongols
_vBiography.
650 1 _aMongols
_xHistory.
655 0 _aPicture books for children.
700 1 _aByrd, Robert
_eillustrator
906 _a7
_bcbc
_corignew
_d1
_eecip
_f20
_gy-gencatlg
942 _2ddc
_cBK
_n0
999 _c2296
_d2296